000 00447nam a2200181Ia 4500
008 230524s9999 xx 000 0 und d
020 _a8126504846
082 _a4.62
_bMAT
100 _aNeil Matthew
_924337
245 0 _aBeginning Linux Programming
250 _aIST
260 _aNEW DELHI
_bJohn Wiley
_c2008
300 _aXIV;375
500 _aQuantity Number: 2
650 _aComp-Sc
700 _a Richard Stones
_924338
942 _cBK
999 _c41946
_d41946